[Event "NOR-ch Elite 2017"]
[Site "Stavanger"]
[Date "2017.07.02"]
[Round "3"]
[White "Machlik, Endre"]
[Black "Fossan, Erik"]
[Result "1/2-1/2"]
[WhiteElo "2157"]
[BlackElo "2342"]
[Annotator "TA"]
[PlyCount "127"]
[EventDate "2017.??.??"]
[EventType "swiss"]
[EventCountry "NOR"]
[SourceTitle "playchess.com"]
[Source "ChessBase"]
[SourceQuality "1"]

{[%evp 22,127,5,7,21,2,0,-8,0,-21,-1,-44,-40,-62,-72,-61,-77,-60,-48,-52,-50,-50,-42,-50,-51,-51,-40,-40,-14,-72,-72,-125,-120,-146,-146,-147,-146,-177,-118,-118,-118,-112,-114,-129,-114,-137,-128,-142,-147,-136,-115,-107,-114,-111,-111,-115,-111,-96,-84,-91,-84,-84,-84,-84,-86,-76,-43,-83,-83,-91,-83,-83,-83,-84,-84,-111,-83,-55,-37,-134,-186,-160,-141,-137,0,0,0,-8,0,0,0,0,0,0,0,0,0,0,0,0,0,-8,-8,-8,-8,-8,-8,-8]} 1. d4 Nf6 2. c4 e6 3. Nc3 Bb4 4. Qc2 O-O 5. a3 Bxc3+ 6. Qxc3 b6 7. Bg5 h6 8. Bh4 Ba6 9. e3 d6 10. Bd3 Nbd7 11. Nf3 c5 12. O-O cxd4 {E32: Nimzo-Indian: Classical (4 Qc2): 4...0-0} 13. exd4 Rc8 14. Qb3 Qc7 {[%cal Ra6c4]} 15. Rac1 d5 {[%cal Rd5c4]} (15... b5 $5) 16. Qa4 $146 (16. Bxf6 $5 Nxf6 17. c5 Bxd3 18. Qxd3 $11) ({Predecessor:} 16. Nd2 Qf4 17. Bxf6 dxc4 18. Nxc4 Nxf6 19. Rcd1 {0-1 (76) Nicoara,M (2258)-Kosten,A (2519) France 2001}) 16... Bxc4 17. Bxc4 dxc4 18. Bxf6 Nxf6 19. Ne5 Qd6 20. Rxc4 Rxc4 21. Qxc4 Rd8 22. Nf3 g5 23. h3 Qf4 24. Re1 Rd7 25. Re5 (25. Qd3 $11) 25... Kg7 $17 26. Qc6 ({White should play} 26. Re1) 26... Rxd4 27. g3 Rd1+ 28. Kg2 Qc1 29. Qb5 Rd5 ({Better is} 29... Rh1 $19 30. Qe2 {[#]} Rxh3 $1 {[%mdl 512]}) 30. Rxd5 Nxd5 31. Qe2 Qc6 32. Kh2 Nf6 33. Nd4 Qe4 34. Qxe4 Nxe4 {[%mdl 4096] Endgame KN-KN} 35. Kg2 Nd6 36. b4 b5 37. Nc6 a6 38. Nb8 Nc4 39. Nxa6 Nxa3 40. Kf3 f5 41. Ke3 e5 42. Kd3 Kf6 43. Nc7 Ke7 44. Nd5+ Ke6 45. Ne3 h5 46. Nd1 Nc4 47. Nc3 Nd6 48. f3 h4 49. gxh4 gxh4 50. Ke3 (50. Ke2 $15) 50... f4+ 51. Ke2 Kf5 52. Kd3 e4+ (52... Kg6 $17 53. Kd2 Kf6) 53. fxe4+ $11 {The position is equal.} Ke5 54. Ke2 Kd4 {[#]} 55. e5 $1 {[%mdl 512]} Kxe5 {next ...Kd4 is good for Black.} 56. Kf3 Kf5 (56... Kd4 $5 {[%cal Rd4c3]} 57. Nxb5+ Nxb5 58. Kxf4 Nd6 $11) 57. Nd5 Nf7 {White must now prevent ...Ng5+.} 58. Nxf4 Ng5+ 59. Ke3 Ke5 60. Ng6+ Kd5 61. Nxh4 Kc4 62. Nf5 Nxh3 63. Nd6+ Kxb4 {[#]} 64. Nxb5 $1 {[%mdl 512] Precision: White = 60%, Black = 63%.} 1/2-1/2

[Event "NOR-ch Elite 2017"]
[Site "Stavanger"]
[Date "2017.07.03"]
[Round "4"]
[White "Hammer, Jon Ludvig"]
[Black "Agdestein, Simen"]
[Result "1/2-1/2"]
[WhiteElo "2628"]
[BlackElo "2604"]
[Annotator "TA"]
[PlyCount "97"]
[EventDate "2017.??.??"]
[EventType "swiss"]
[EventCountry "NOR"]
[SourceTitle "playchess.com"]
[Source "ChessBase"]
[SourceQuality "1"]

{[%evp 15,97,1,40,23,14,8,4,-16,-4,0,0,-16,-6,-20,-4,-3,-8,-16,-19,-13,-18,-19,-23,-22,-21,-54,-53,-57,-53,-52,-56,-44,-6,-5,0,0,0,0,0,0,3,0,0,0,3,-8,6,7,19,19,22,22,27,0,0,0,0,0,0,0,0,0,0,0,0,0,9,8,8,0,0,0,0,0,0,0,0,0,0,0,0,0,0,0]} 1. Nf3 Nf6 2. c4 b6 3. g3 c5 4. Bg2 Bb7 5. O-O e6 6. b3 Be7 7. Bb2 O-O 8. e3 a6 9. Qe2 {A30: Symmetrical English: Double Fianchetto and Hedgehog} b5 10. Rd1 $146 ({Predecessor:} 10. d3 Nc6 11. Rd1 Rb8 12. Nbd2 d6 13. e4 bxc4 14. dxc4 e5 15. Ne1 Re8 16. Nc2 Bf8 17. Ne3 Nd4 18. Qd3 g6 19. Bc3 h5 20. Nd5 h4 21. Ba5 {½-½ (21) Gunawan,R (2425)-Ftacnik,L (2610) Jakarta 1996}) 10... bxc4 11. Qxc4 d5 12. Qe2 a5 13. Ne5 Ba6 14. d3 Nfd7 (14... a4 $5) 15. Nxd7 Nxd7 16. Nc3 (16. e4 $5 {[%cal Re4d5]}) 16... Nb6 17. Rac1 Qd7 18. a4 Rfc8 19. Qd2 Qd8 20. Nb1 Nd7 $1 21. Bc3 Qb6 22. Bxa5 Qxb3 23. Nc3 $1 Bxd3 24. Qxd3 c4 25. Qd2 {[#] And now e4 would win.} Rxa5 26. e4 {[%cal Rc3d5] Black must now prevent Nxd5.} Bb4 {...Nf6 is the strong threat.} ({Not} 26... Ba3 $2 27. Rb1 $18) 27. exd5 exd5 {aiming for ...Nf6.} 28. Bxd5 Nf6 29. Bb7 Rf8 30. Bg2 Rxa4 31. Qd4 Ra5 {Threatens to win with ...Ba3.} (31... Bxc3 $5 32. Rxc3 Qb5 $11) 32. Nd5 Nxd5 33. Bxd5 Bc5 34. Qxc4 (34. Qf4 {with more complications.} Ra7 35. Bxc4 Qb7 36. Bd5 Qe7 37. Re1) 34... Qxc4 {The position is equal.} 35. Rxc4 g6 36. Rf4 Kg7 37. Bb3 Ra3 38. Rd3 h5 39. Kg2 Ra6 40. Rd5 Ba3 41. Rd7 {[%cal Rf4f7]} Rf6 42. Rxf6 (42. Rc4 {keeps more tension.} Rb8 43. Rc3 Bc5 44. f4 Bb6 45. Rc2) 42... Kxf6 $11 {[%mdl 4096] Endgame KRB-KRB} 43. h4 Be7 44. Rb7 Rc8 45. f3 Rc3 46. g4 hxg4 47. fxg4 Kg7 48. Rxe7 Rxb3 49. g5 {Precision: White = 56%, Black = 74%.} 1/2-1/2

[Event "NOR-ch Elite 2017"]
[Site "Stavanger"]
[Date "2017.07.03"]
[Round "4"]
[White "Tari, Aryan"]
[Black "Urkedal, Frode"]
[Result "1/2-1/2"]
[WhiteElo "2595"]
[BlackElo "2543"]
[Annotator "TA"]
[PlyCount "38"]
[EventDate "2017.??.??"]
[EventType "swiss"]
[EventCountry "NOR"]
[SourceTitle "playchess.com"]
[Source "ChessBase"]
[SourceQuality "1"]

{[%evp 23,38,0,6,0,0,0,0,0,0,0,0,0,0,0,0,0,0]} 1. c4 Nf6 2. Nc3 e6 3. e4 d5 4. e5 d4 5. exf6 dxc3 6. bxc3 Qxf6 7. d4 e5 8. Nf3 exd4 9. Bg5 Qe6+ 10. Be2 Be7 11. cxd4 Bxg5 {A18: English Opening: Flohr-Mikenas System (1 c4 Nf6 2 Nc3 e6 3 e4)} 12. Nxg5 Qg6 {LiveBook: 9 Games. The position is equal.} 13. Qd2 (13. f4 O-O 14. O-O Nc6 15. Rb1 h6 16. Nf3 Qd6 17. d5 Ne7 18. Nd4 c6 19. f5 {0-1 (55) Nepomniachtchi,I (2751)-Harikrishna,P (2750) Moscow 2017}) 13... O-O 14. O-O h6 15. Nf3 Bh3 {[%csl Gh3][%cal Rg6g2] [#]} 16. Nh4 $146 Qf6 17. Nf3 Qg6 {[%csl Gh3][%cal Rg6g2]} 18. Nh4 Qf6 19. Nf3 Qg6 1/2-1/2

[Event "NOR-ch Elite 2017"]
[Site "Stavanger"]
[Date "2017.07.03"]
[Round "4"]
[White "Lie, Kjetil A"]
[Black "Moen, Andreas"]
[Result "1-0"]
[WhiteElo "2539"]
[BlackElo "2329"]
[Annotator "TA"]
[PlyCount "77"]
[EventDate "2017.??.??"]
[EventType "swiss"]
[EventCountry "NOR"]
[SourceTitle "playchess.com"]
[Source "ChessBase"]
[SourceQuality "1"]

{[%evp 12,77,40,37,37,28,48,48,47,39,45,31,67,54,89,83,102,97,92,84,109,102,133,116,123,97,107,70,83,80,85,46,69,70,118,112,116,113,133,101,127,129,120,116,150,133,139,141,139,138,137,104,105,99,101,103,147,154,166,149,149,149,419,397,512,501,692,664]} 1. d4 d5 2. Bf4 c5 3. e3 Nc6 4. c3 Nf6 5. Nd2 Bg4 6. Ngf3 cxd4 7. exd4 e6 {B13: Caro-Kann: Exchange Variation and Panov-Botvinnik Attack} 8. Qb3 Qb6 (8... Qc8 9. Bd3 Be7 10. O-O O-O 11. Ne5 Nxe5 12. Bxe5 Nd7 13. Bf4 Nb6 14. a4 Bf5 15. Bxf5 exf5 16. Rfe1 Qd7 17. a5 Nc8 18. Nf3 f6 {1-0 (28) Wei,Y (2707)-Malakhov,V (2713) Doha 2016}) 9. Qxb6 axb6 {White is slightly better.} 10. Ne5 Bf5 11. Bb5 Rc8 12. Ndf3 $146 ({Predecessor:} 12. a4 Be7 13. Nxc6 bxc6 14. Ba6 O-O 15. Bxc8 Rxc8 {1-0 (29) Sveshnikov,E (2493)-Ori,M (2106) Di Roseto 2010}) 12... Bd6 13. Nh4 $36 {[%mdl 2048] Keeping Black busy.} Nh5 14. Nxf5 exf5 15. Be3 f6 16. Nd3 f4 17. Bd2 Kf7 18. O-O g5 19. Rfe1 Ng7 20. Ba4 Na5 21. Re2 Rc7 22. Rae1 Re7 23. Rxe7+ Bxe7 24. Bd1 Rd8 25. Bf3 Nc6 26. g3 fxg3 27. fxg3 Bf8 28. Rf1 Kg6 29. Bd1 h6 30. Bc2 {Threatening mate with Ne5+.} Kf7 31. Ne5+ Nxe5 32. dxe5 f5 33. h4 Be7 34. hxg5 hxg5 35. Bxf5 Nxf5 {[#]} 36. g4 $1 {[%cal Bg3g4,Bg4f5][%mdl 32]} ({Much less strong is} 36. Rxf5+ $6 Ke6 $14) 36... Ke6 $2 {[%mdl 8192]} (36... Re8 $16) 37. gxf5+ $18 Kxe5 38. Re1+ Kd6 {[#]} 39. Rxe7 $1 {[%mdl 512] Precision: White = 70%, Black = 42%.} 1-0

[Event "NOR-ch Elite 2017"]
[Site "Stavanger"]
[Date "2017.07.03"]
[Round "4"]
[White "Lie, Espen"]
[Black "Gandrud, Vegar Koi"]
[Result "1/2-1/2"]
[WhiteElo "2462"]
[BlackElo "2330"]
[Annotator "TA"]
[PlyCount "278"]
[EventDate "2017.??.??"]
[EventType "swiss"]
[EventCountry "NOR"]
[SourceTitle "playchess.com"]
[Source "ChessBase"]
[SourceQuality "1"]

{[%evp 16,278,-3,-18,0,-7,-6,-2,0,-2,0,0,0,0,3,-53,-88,-95,-100,-69,-58,-75,-59,-81,-91,-80,-45,-46,-46,-60,-31,-35,-15,-31,-11,-45,-38,-136,-127,-129,-122,-126,-141,-168,-88,-87,-88,-85,-71,-71,-71,-71,-58,-74,-65,-66,-62,-71,-71,-70,-54,-54,-49,-68,-47,-47,-47,-107,-107,-107,-92,-94,-93,-94,-59,-94,-59,-93,-89,-218,-205,-202,-151,-127,-128,-128,-128,-156,-131,-145,-31,-39,0,0,0,0,0,0,0,0,0,0,0,0,0,0,0,0,0,0,0,0,0,0,0,0,0,0,0,0,0,0,45,45,45,45,45,45,45,45,45,45,45,45,45,45,45,45,45,0,45,21,21,21,21,21,21,21,21,21,21,21,21,21,21,21,21,21,21,21,21,21,21,21,21,0,0,0,0,0,0,0,0,0,0,0,0,0,0,0,0,0,0,0,0,0,0,0,0,0,0,0,0,0,0,0,0,0,0,0,0,0,0,0,0,0,0,0,0,0,0,0,0,0,0,0,0,0,0,0,0,0,0,0,0,0,0,0,0,0,0,0,0,0,0,0,0,0,0,0,0,0,0,0,0,0,0,0,0,0,0,0,0,0,0,0,0,0,0,0,0,0,0,0,0]} 1. Nf3 c5 2. g3 g6 3. Bg2 Bg7 4. O-O Nc6 5. d3 e6 6. Nc3 d5 7. Bd2 Nge7 8. a3 O-O 9. Rb1 b6 {A08: King's Indian Attack} (9... a5 10. e4 b6 11. Re1 Ba6 12. exd5 exd5 13. Bf4 d4 14. Ne4 Nd5 15. Qd2 Nxf4 16. Qxf4 Ra7 17. h4 {0-1 (37) Lomsadze,D (2342)-Quparadze,G (2486) Tbilisi 2013}) 10. b4 cxb4 11. axb4 Bb7 12. b5 Na5 $146 ({Predecessor:} 12... Nd4 13. Ne1 Rc8 14. Na2 Qd7 15. Nc3 Rc5 16. e3 Nxb5 17. Na4 {1-0 (39) Berezin,V (2330)-Nikolaeva,M Kiev 1998}) 13. Na4 d4 14. Bb4 Qc7 15. Bxa5 (15. Rc1 $11) 15... bxa5 $15 16. Nd2 Bxg2 17. Kxg2 Rab8 {...a6! is the strong threat.} (17... a6 $5 {[%cal Ra6b5]} 18. Kg1 axb5 19. Rxb5 Rfb8 $17) 18. Kg1 $1 Rb7 19. Rb3 Nd5 20. Nc4 Nb4 21. Na3 Rc8 {[%cal Rb4c2]} 22. Qd2 Qd7 ({Avoid the trap} 22... Nxc2 $2 23. Rc1 $18) 23. Nb2 Bf8 $36 {[%mdl 2048] Black has some pressure.} 24. Nbc4 Qd8 25. Rd1 Rbb8 26. Qf4 (26. Kg2 $15) 26... a4 $17 27. Rbb1 Nd5 28. Qxd4 Bg7 $1 {[%cal Rg7d4]} 29. Ne5 Bxe5 (29... Qc7 $1 $19 30. Nac4 Bxe5 31. Qxe5 Qxe5 32. Nxe5 Nc3) 30. Qxe5 Nc3 31. Re1 Nxb1 32. Rxb1 {[#]} a6 $1 {[%mdl 512]} 33. c4 (33. bxa6 Rxb1+) 33... axb5 (33... Qe7 $5 {[%cal Re7a3]} 34. bxa6 Ra8 $17) 34. Nxb5 Ra8 35. Ra1 Qf8 36. Ra3 Ra5 37. Qb2 Rb8 38. Qc3 Ra6 39. Ra2 h5 40. h4 Rb7 (40... Qc5 {is interesting.} 41. Qa1 Qb4 42. Rb2 Qa5 43. Ra2 Rc8) 41. Qa3 (41. Qa1 $15) 41... Qxa3 42. Rxa3 {[%mdl 4096] Endgame KRR-KRN} Kf8 43. Kf1 Ke7 44. Ke1 Kd7 45. Kd2 Kc6 46. Nd4+ Kc5 47. Kc3 (47. Nb5 $17) 47... Rb1 $19 48. Nc2 Rf1 49. d4+ Kd6 50. Nb4 Ra8 51. c5+ Ke7 52. Nd3 {[#]} f5 (52... f6 $1 $17 53. e3 g5) 53. Kc4 Rb1 54. Ne5 Rc1+ 55. Kd3 $1 Rd1+ 56. Kc2 Rf1 57. Nxg6+ Kf6 58. Nf4 Rxf2 59. Nxh5+ Ke7 60. Nf4 Rf1 61. Nd3 Rg1 62. Ne5 Rg2 63. Kd2 Rg1 64. Nc4 Rd8 65. Nd6 Rxd6 66. cxd6+ Kxd6 $11 {KR-KR} 67. h5 (67. e4 $5) 67... Kd5 68. h6 Rh1 (68... Ke4 {seems wilder.} 69. Rxa4 Rxg3 70. d5+ Kxd5 71. Rh4 Rg8) 69. Rxa4 Rxh6 70. Ke3 Rg6 71. Ra5+ Kd6 72. Kf3 Rg8 73. Re5 Rb8 74. Kf4 Rb4 75. e3 Ke7 76. Kg5 Kf7 77. Kf4 Kf6 78. g4 fxg4 {The position is equal.} 79. Kxg4 Rb1 80. Kf4 Rh1 81. Ra5 Rh4+ 82. Kf3 Ke7 83. Ke2 Kd6 84. Kd3 Rh3 85. Re5 Rh1 86. Rg5 Rh3 87. Ra5 Rh4 88. Kc4 Rh1 89. Ra6+ Ke7 90. e4 Rc1+ 91. Kd3 Re1 92. e5 Rd1+ 93. Kc3 Rc1+ 94. Kd2 Rh1 95. Ra7+ (95. d5 $5 exd5 96. Kc3 $11) 95... Kd8 96. Kc3 (96. d5 $5) 96... Rc1+ 97. Kb4 Rc2 98. Kb5 (98. d5 $5) 98... Rc1 99. Ra6 (99. d5 $5) 99... Kd7 100. Rd6+ (100. d5 $5 exd5 101. Rg6 $11) 100... Ke7 101. Rc6 Rb1+ 102. Kc5 {Black must now prevent Rc7+.} Rc1+ 103. Kb6 Rb1+ 104. Kc7 Rb4 105. Rd6 (105. d5 $5 exd5 106. Rd6 $11) 105... Rc4+ 106. Kb6 Rc1 107. Kb5 Rb1+ 108. Kc4 Rc1+ 109. Kd3 Rd1+ 110. Kc2 Rh1 111. Ra6 Rh3 112. Rc6 (112. d5 $5 exd5 113. Rd6 $11) 112... Kd7 113. Rc4 (113. d5 {keeps more tension.} Rh2+ 114. Kd3 exd5) 113... Rg3 114. Rc3 Rg1 115. Kb3 (115. d5 $5) 115... Rb1+ 116. Kc4 (116. Ka2 $5 {[%cal Ra2b1]} Rb4 117. Rd3 $11) 116... Rd1 117. Kc5 (117. d5 $5) 117... Rb1 118. Rc4 (118. d5 $5 {[%cal Rd5d6]}) 118... Rd1 119. Rc2 Rb1 120. Kc4 (120. d5 $5 {[%cal Rd5d6]}) 120... Rd1 121. Rh2 (121. d5 $5) 121... Rc1+ 122. Kd3 Rd1+ 123. Ke3 Re1+ 124. Kd2 Ra1 {Threatens to win with ...Ra2+.} 125. Rh7+ Kd8 126. Rg7 (126. d5 $5) 126... Ra3 127. Ke2 (127. d5 $5) 127... Rb3 128. Rf7 (128. d5 $5) 128... Ke8 129. Rf3 (129. Rf1 {is more complex.} Ke7 130. Ke1 Rb5 131. Ke2 Rd5 132. Ke1) 129... Rb1 130. Ke3 Ke7 131. Kf4 (131. d5 $5 {[%cal Rd5d6]} Rb3+ 132. Kf4 Rxf3+ 133. Kxf3 exd5 134. Kg4 $11) 131... Rd1 132. Ke4 (132. d5 $5) 132... Re1+ 133. Re3 Rd1 134. Re2 Rf1 135. Rh2 Re1+ 136. Kd3 Rd1+ 137. Kc3 Rc1+ 138. Kd2 Ra1 {And now ...Ra2+ would win.} 139. Rh7+ Kd8 {Precision: White = 62%, Black = 68%.} 1/2-1/2

[Event "NOR-ch Elite 2017"]
[Site "Stavanger"]
[Date "2017.07.03"]
[Round "4"]
[White "Hauge, Lars Oskar"]
[Black "Haldorsen, Benjamin"]
[Result "1/2-1/2"]
[WhiteElo "2439"]
[BlackElo "2370"]
[Annotator "TA"]
[PlyCount "61"]
[EventDate "2017.??.??"]
[EventType "swiss"]
[EventCountry "NOR"]
[SourceTitle "playchess.com"]
[Source "ChessBase"]
[SourceQuality "1"]

{[%evp 23,61,0,0,-13,6,-10,-21,-18,-16,-28,-4,0,0,-2,0,0,0,0,0,0,18,0,0,0,0,0,0,0,0,0,0,0,0,0,0,0,0,0,0,0]} 1. c4 e5 2. Nc3 Nc6 3. g3 g6 4. Bg2 Bg7 5. Nf3 d6 6. d3 Nf6 7. O-O O-O 8. Rb1 a5 9. a3 Re8 10. Nd2 Nd4 11. b4 axb4 12. axb4 c6 {LiveBook: 11 Games. A25: English Opening vs King's Indian with ...Nc6 but without early d3} 13. Nb3 (13. e3 $5 {[%cal Re3d4]} Ne6 14. Nf3 $11) (13. Nde4 Nxe4 14. dxe4 Be6 15. Qd3 Qd7 16. Rd1 b5 17. cxb5 cxb5 18. Nd5 Bxd5 19. exd5 Qg4 20. e4 {0-1 (36) Klekowski,M (2457)-Shirov,A (2671) Czech Republic 2016}) 13... h6 $146 ({Predecessor:} 13... Bg4 14. h3 Be6 15. b5 d5 16. bxc6 bxc6 17. cxd5 Nxd5 18. Nxd5 Bxd5 19. Bxd5 Qxd5 20. Be3 {½-½ (58) Kiefer,D-Repplinger,M (2190) Germany 1998}) 14. Nxd4 (14. b5 {with more complications.} Be6 15. Be3 Nd7 16. Bd2 Qc7 17. Re1) 14... exd4 15. Ne4 Nxe4 16. Bxe4 Bg4 17. Re1 {The position is equal.} Qd7 18. b5 d5 (18... c5 {is more complex.} 19. Qc2 Ra7 20. Bb2 h5 21. Qb3 Rea8) 19. bxc6 bxc6 20. cxd5 cxd5 21. Bg2 h5 22. h4 Ra2 {[%cal Ra2e2]} 23. Rb2 Ra1 {Strongly threatening ...Rc8.} 24. Qb3 Bh6 25. Rb1 Rxb1 26. Qxb1 Bxc1 27. Qxc1 Rxe2 28. Rxe2 Bxe2 29. Qd2 Qe6 {[#]} 30. Bxd5 $1 {[%mdl 512]} Qxd5 31. Qxe2 {Precision: White = 71%, Black = 67%.} 1/2-1/2

[Event "NOR-ch Elite 2017"]
[Site "Stavanger"]
[Date "2017.07.03"]
[Round "4"]
[White "Mihajlov, Sebastian"]
[Black "Arvola, Benjamin"]
[Result "1-0"]
[WhiteElo "2414"]
[BlackElo "2469"]
[Annotator "TA"]
[PlyCount "83"]
[EventDate "2017.??.??"]
[EventType "swiss"]
[EventCountry "NOR"]
[SourceTitle "playchess.com"]
[Source "ChessBase"]
[SourceQuality "1"]

{[%evp 32,83,45,36,48,39,46,63,45,52,57,50,95,94,97,89,87,90,95,109,124,92,183,149,147,156,172,146,238,99,90,85,77,100,322,266,402,401,519,507,1200,1187,952,439,422,433,399,421,391,371,623,612,580,576]} 1. d4 Nf6 2. c4 g6 3. Nc3 d5 4. cxd5 Nxd5 5. e4 Nxc3 6. bxc3 Bg7 7. Bc4 c5 8. Ne2 O-O 9. O-O Nc6 {[%cal Bb8c6,Bc6e5,Be5g4][%mdl 32]} 10. Be3 Qc7 11. Rc1 Rd8 12. Bf4 Be5 {D87: Exchange Grünfeld: Classical Line: Variations without ...cxd4} (12... Qd7 13. dxc5 Qe8 14. Bd5 Ne5 15. Nd4 e6 16. Bb3 Qe7 17. Be3 b6 18. cxb6 Ba6 19. c4 Qb7 20. Qe2 axb6 21. Nb5 {½-½ (40) Grischuk,A (2746)-Nepomniachtchi,I (2711) Moscow 2011}) 13. Bxe5 Nxe5 14. Bb3 Ng4 15. Ng3 Qf4 16. Qe1 b6 17. h3 {LiveBook: 8 Games. Bd5 is the strong threat.} Nf6 18. e5 Nd5 19. Bxd5 Rxd5 20. c4 $1 {[%cal Rc4d5] [#]} Rd8 $146 21. d5 $1 b5 22. Qa5 $36 {[%mdl 2048] Black is under strong pressure.} ({But not} 22. cxb5 $6 Rxd5 23. Qe4 Qxe4 $15) 22... Bd7 23. cxb5 Qb4 24. Qc7 Rac8 25. Qxa7 Bxb5 26. Rfd1 c4 (26... Ba4 $16) 27. Qd4 Ba4 {[#]} 28. Rd2 $1 Rc5 {[#]} 29. d6 $1 {And now Ne4 would win.} Bc6 (29... Qa5 $16) 30. Rdc2 (30. Qf4 $18 {is more deadly.}) 30... exd6 $16 31. Rxc4 Rxc4 32. Rxc4 Qb7 $2 (32... Qb5 $16 {was called for.}) 33. exd6 $18 Bxg2 (33... Qd7 $142 34. Qc5 Ba8) 34. Qf6 Qa8 {[#]} 35. Ra4 $1 {[%mdl 512]} Qc8 (35... Qb8 $142 36. Kxg2 Rxd6) (35... Qxa4 36. Qxd8+) 36. Kxg2 Qc6+ 37. Kh2 (37. Ne4 $142 Rxd6 38. Qxd6 Qxa4 39. Qb8+ Kg7 40. Qe5+ Kf8 41. Qb8+ Kg7 42. Qe5+ Kg8 43. Nf6+ Kg7 44. Ng4+ Kf8 45. Qh8+ Ke7 46. Qf6+ Kf8 47. Ne5 Qa8+ 48. Kg3 Qa3+ 49. f3 Qxa2 50. Nd7+ Ke8 51. Qd6) 37... Rxd6 38. Qf4 Rf6 39. Qb8+ Kg7 40. Rf4 Re6 $2 (40... Qd6 41. Qxd6 Rxd6) 41. Qa7 Qe8 42. Qd4+ {Precision: White = 69%, Black = 35%.} 1-0

[Event "NOR-ch Elite 2017"]
[Site "Stavanger"]
[Date "2017.07.03"]
[Round "4"]
[White "Lovik, Lasse Ostebo"]
[Black "Kaasen, Tor Fredrik"]
[Result "1-0"]
[WhiteElo "2400"]
[BlackElo "2409"]
[Annotator "TA"]
[PlyCount "55"]
[EventDate "2017.??.??"]
[EventType "swiss"]
[EventCountry "NOR"]
[SourceTitle "playchess.com"]
[Source "ChessBase"]
[SourceQuality "1"]

{[%evp 13,55,0,0,0,3,0,2,12,18,0,2,0,0,0,0,0,0,0,17,1,4,26,25,27,16,15,90,23,109,118,397,274,562,565,572,576,576,567,505,562,575,497,976,972]} 1. d4 Nf6 2. c4 e6 3. Nc3 Bb4 4. e3 O-O 5. Nge2 Re8 6. a3 Bf8 7. Ng3 d5 8. Be2 {E46: Nimzo-Indian: Rubinstein: 4 e3 0-0 5 Ne2 without early Bd3} b6 9. O-O (9. cxd5 exd5 10. b4 Bb7 11. O-O Nbd7 12. Qb3 c6 13. Bf3 a6 14. Rd1 b5 15. e4 Nb6 {0-1 (51) Gupta,A (2627)-Wei,Y (2725) Liaocheng 2017}) 9... c5 10. cxd5 {The position is equal.} exd5 11. Bf3 $146 ({Predecessor:} 11. dxc5 bxc5 12. Nh5 Nxh5 13. Bxh5 Bb7 14. Bf3 Re5 15. e4 d4 {0-1 (39) Berovski,K (2300)-Dobrev,N (2310) Shumen 1995}) 11... Be6 12. e4 cxd4 13. exd5 Nxd5 14. Qxd4 {[%cal Rc3d5]} Nc6 15. Qa4 $36 {[%mdl 2048] White has the initiative.} Nce7 16. Rd1 Qc7 17. Nxd5 Nxd5 18. Rxd5 Bxd5 19. Bxd5 Re1+ 20. Nf1 {[#] Hoping for Bf4.} Bd6 (20... b5 $1 $11 {remains equal.} 21. Qxb5 Rd8) 21. Bf4 $1 $16 b5 $2 {[%mdl 8192]} (21... Rxa1 $16 22. Bxa8 g6 23. Bxd6 Qxd6) 22. Qxb5 ({But not} 22. Rxe1 bxa4 23. Bxa8 g6 $18) 22... a6 $2 (22... Rxa1 {was called for.} 23. Bxa8 g6) 23. Bxd6 $18 {White is clearly winning.} Qxd6 24. Qb7 Rxa1 25. Qxa8+ Qf8 {If only Black now had time for ...Qxa8....} 26. Qxa6 Qd8 27. g3 Rb1 (27... Rd1 $142 28. Bb3 Rc1) 28. Qd3 {Precision: White = 71%, Black = 38%.} 1-0

[Event "NOR-ch Elite 2017"]
[Site "Stavanger"]
[Date "2017.07.03"]
[Round "4"]
[White "Fossan, Erik"]
[Black "Gronn, Atle"]
[Result "1/2-1/2"]
[WhiteElo "2342"]
[BlackElo "2331"]
[Annotator "TA"]
[PlyCount "29"]
[EventDate "2017.??.??"]
[EventType "swiss"]
[EventCountry "NOR"]
[SourceTitle "playchess.com"]
[Source "ChessBase"]
[SourceQuality "1"]

{[%evp 11,29,48,55,34,33,34,61,50,40,74,87,25,23,15,30,0,0,0,18,0]} 1. e4 d6 2. d4 g6 3. Nc3 Bg7 4. Be3 a6 5. Qd2 Nd7 6. O-O-O b5 7. Kb1 {B06: Modern Defence} (7. h4 h6 8. f4 h5 9. Nf3 Nb6 10. Ng5 d5 11. Bd3 Nh6 12. e5 Bg4 13. e6 f5 14. Rde1 Qd6 {0-1 (50) Almasi,Z (2695)-Rapport,R (2720) Germany 2015}) 7... Bb7 8. f3 Rc8 9. g4 {White is slightly better.} Nb6 10. a3 d5 $146 ({Predecessor:} 10... c6 11. h4 h5 12. g5 d5 13. f4 e6 14. f5 Bf8 15. Nh3 b4 16. axb4 Bxb4 17. fxe6 fxe6 {0-1 (34) Bizeul,P (1757)-Navarro,R (1906) Saint Affrique 2014}) 11. Nxd5 (11. h4 $16) 11... Nxd5 $11 12. exd5 Nf6 13. Nh3 Nxd5 14. Bh6 O-O 15. Bxg7 1/2-1/2